<?xml version="1.0" encoding="UTF-8"?>
<record
    xmlns:xsi="http://www.w3.org/2001/XMLSchema-instance"
    xsi:schemaLocation="http://www.loc.gov/MARC21/slim http://www.loc.gov/standards/marcxml/schema/MARC21slim.xsd"
    xmlns="http://www.loc.gov/MARC21/slim">

  <leader>01298nam2a22002891  4500</leader>
  <controlfield tag="001">rc\4047379</controlfield>
  <controlfield tag="005">20250611071048.0</controlfield>
  <datafield tag="021" ind1=" " ind2=" ">
    <subfield code="a">RU</subfield>
    <subfield code="b">[48-31449]</subfield>
  </datafield>
  <datafield tag="035" ind1=" " ind2=" ">
    <subfield code="a">(NLR Aleph) 008103725</subfield>
  </datafield>
  <datafield tag="090" ind1=" " ind2=" ">
    <subfield code="a">9260369</subfield>
    <subfield code="c">9260369</subfield>
  </datafield>
  <datafield tag="100" ind1=" " ind2=" ">
    <subfield code="a">20130415d1948    |||y0rusy50      ca</subfield>
  </datafield>
  <datafield tag="101" ind1="0" ind2=" ">
    <subfield code="a">rus</subfield>
  </datafield>
  <datafield tag="102" ind1=" " ind2=" ">
    <subfield code="a">RU</subfield>
  </datafield>
  <datafield tag="105" ind1=" " ind2=" ">
    <subfield code="a">a   z   |||||</subfield>
  </datafield>
  <datafield tag="200" ind1="1" ind2=" ">
    <subfield code="a">&#x421;&#x43C;&#x430;&#x437;&#x43A;&#x430; &#x43C;&#x430;&#x448;&#x438;&#x43D;</subfield>
  </datafield>
  <datafield tag="210" ind1=" " ind2=" ">
    <subfield code="c">&#x41C;&#x430;&#x448;&#x433;&#x438;&#x437;. [&#x41B;&#x435;&#x43D;&#x438;&#x43D;&#x433;&#x440;. &#x43E;&#x442;&#x434;-&#x43D;&#x438;&#x435;]</subfield>
    <subfield code="d">1948</subfield>
    <subfield code="g">1-&#x44F; &#x442;&#x438;&#x43F;. &#x41C;&#x430;&#x448;&#x433;&#x438;&#x437;&#x430; &#x432; &#x41B;.</subfield>
    <subfield code="a">&#x411;. &#x43C;.</subfield>
  </datafield>
  <datafield tag="215" ind1=" " ind2=" ">
    <subfield code="a">279 &#x441;.</subfield>
    <subfield code="c">&#x438;&#x43B;.</subfield>
  </datafield>
  <datafield tag="320" ind1=" " ind2=" ">
    <subfield code="a">&#x411;&#x438;&#x431;&#x43B;&#x438;&#x43E;&#x433;&#x440;.: &#x441;. 271-275</subfield>
  </datafield>
  <datafield tag="461" ind1=" " ind2="0">
    <subfield code="1">001rc\4047375</subfield>
    <subfield code="1">2001#$a&#x41E;&#x441;&#x43D;&#x43E;&#x432;&#x44B; &#x443;&#x447;&#x435;&#x43D;&#x438;&#x44F; &#x43E; &#x442;&#x440;&#x435;&#x43D;&#x438;&#x438;, &#x438;&#x437;&#x43D;&#x43E;&#x441;&#x435; &#x438; &#x441;&#x43C;&#x430;&#x437;&#x43A;&#x435; &#x43C;&#x430;&#x448;&#x438;&#x43D;$e&#x427;. 1-$v&#x427;. 4</subfield>
    <subfield code="1">700#1$a&#x417;&#x430;&#x439;&#x446;&#x435;&#x432;$b&#x410;.&#x41A;.$f1873-1951$g&#x410;&#x43B;&#x435;&#x43A;&#x441;&#x430;&#x43D;&#x434;&#x440; &#x41A;&#x43E;&#x43D;&#x441;&#x442;&#x430;&#x43D;&#x442;&#x438;&#x43D;&#x43E;&#x432;&#x438;&#x447;</subfield>
    <subfield code="9">9260344</subfield>
    <subfield code="a">&#x417;&#x430;&#x439;&#x446;&#x435;&#x432;, &#x410;.&#x41A;. (1873-1951)</subfield>
    <subfield code="c">&#x41C;&#x43E;&#x441;&#x43A;&#x432;&#x430;</subfield>
    <subfield code="d">1947</subfield>
    <subfield code="n">&#x418;&#x437;&#x434;-&#x432;&#x43E; &#x438; 1-&#x44F; &#x442;&#x438;&#x43F;. &#x41C;&#x430;&#x448;&#x433;&#x438;&#x437;&#x430; &#x432; &#x41B;.</subfield>
    <subfield code="o">&#x427;. 1-</subfield>
    <subfield code="t">&#x41E;&#x441;&#x43D;&#x43E;&#x432;&#x44B; &#x443;&#x447;&#x435;&#x43D;&#x438;&#x44F; &#x43E; &#x442;&#x440;&#x435;&#x43D;&#x438;&#x438;, &#x438;&#x437;&#x43D;&#x43E;&#x441;&#x435; &#x438; &#x441;&#x43C;&#x430;&#x437;&#x43A;&#x435; &#x43C;&#x430;&#x448;&#x438;&#x43D;</subfield>
    <subfield code="v">&#x427;. 4</subfield>
  </datafield>
  <datafield tag="606" ind1=" " ind2=" ">
    <subfield code="a">&#x421;&#x43C;&#x430;&#x437;&#x43E;&#x447;&#x43D;&#x44B;&#x435; &#x43C;&#x430;&#x442;&#x435;&#x440;&#x438;&#x430;&#x43B;&#x44B; (&#x447;. 4)</subfield>
    <subfield code="2">psbo</subfield>
  </datafield>
  <datafield tag="606" ind1=" " ind2=" ">
    <subfield code="a">&#x41C;&#x430;&#x448;&#x438;&#x43D;&#x44B;</subfield>
    <subfield code="x">&#x421;&#x43C;&#x430;&#x437;&#x43A;&#x430; (&#x447;. 4)</subfield>
    <subfield code="2">psbo</subfield>
  </datafield>
  <datafield tag="606" ind1=" " ind2=" ">
    <subfield code="a">&#x421;&#x43C;&#x430;&#x437;&#x43E;&#x447;&#x43D;&#x44B;&#x435; &#x43C;&#x430;&#x441;&#x43B;&#x430; (&#x447;. 4)</subfield>
    <subfield code="2">psbo</subfield>
  </datafield>
  <datafield tag="801" ind1=" " ind2="0">
    <subfield code="a">RU</subfield>
    <subfield code="b">NLR</subfield>
    <subfield code="g">psbo</subfield>
  </datafield>
  <datafield tag="801" ind1=" " ind2="1">
    <subfield code="a">RU</subfield>
    <subfield code="b">ELAR</subfield>
    <subfield code="2">rusmarc</subfield>
  </datafield>
  <datafield tag="852" ind1=" " ind2=" ">
    <subfield code="a">NLR</subfield>
    <subfield code="j">&#x422;36 &#x413;-7/113</subfield>
  </datafield>
  <datafield tag="942" ind1=" " ind2=" ">
    <subfield code="c">BOOK</subfield>
  </datafield>
  <datafield tag="980" ind1=" " ind2=" ">
    <subfield code="a">NB</subfield>
  </datafield>
  <datafield tag="995" ind1=" " ind2=" ">
    <subfield code="5">2013-10-26</subfield>
    <subfield code="b">NLR02</subfield>
    <subfield code="c">NLR02</subfield>
    <subfield code="e">RFS</subfield>
    <subfield code="f">8103725-10</subfield>
    <subfield code="k">&#x422;36 &#x413;-7/113</subfield>
    <subfield code="o">0</subfield>
    <subfield code="r">BOOK</subfield>
    <subfield code="s">36_7113</subfield>
  </datafield>
</record>
